1753 1990 1247 1348 1600 1078 1514 1734 1071 1695 1935 1142 1644 1663 1981 1264 1309 1248 1929 1332 1943 1316 1410 1854 1908 1877 1791 1430 1014 1084 1035 1728 1602 1902 1573 1058 1645 1973 1425 1535 1374 1175 1431 1600 1698 1441 1033 1079 1145 1166 1215 1233 1598 1914 1032 1356 1861 1572 1136 1737 1857 1569 1346 1526 1629 1209 1917 1704 1649 1538 1065 1087 1424 1217 1832 1395 1132 1579 1612 1971 1798 1084 1623 1229 1405 1953 1660 1396 1699 1645 1569 1219 1004 1180 1905 1857 1330 1417 1729 BCNSPRNW ULIB Ver.6.0+V

เปลี่ยนเป็นภาษาไทย

Change to English
 แสดงรายละเอียดบรรณานุกรม
  กลับหน้าหลัก

Brief Record : Get Marc (ISO 2709) : E-mail record : QR code < ปิดหน้าต่าง
LEADER : 00000nam 2200000uu 4500
001    13399112328
003     ULIB
008    110627s2554||||th 000 0 tha d
020    9789746908078
090    นว.^bฝ152น
100 0  ฝันหวาน
245 00 ในสวนรัก เล่ห์...ลวง...บ่วงดอกไม้/^cฝันหวาน
260    กรุงเทพฯ :^bบุ๊คส์เลิฟเวอร์,^c2554
300    382 หน้า
710 1  บุ๊คส์เลิฟเวอร์
945    ^p210^l0^i030398
995    ทศพร
999 ^a ใช้งานได้ทุกระบบ
รายการนี้ยังไม่มีแท็ก
คุณยังไม่ได้ล็อกอิน คุณสามารถมีกิจกรรมร่วมกับเว็บไซต์ได้ แต่ต้องล็อกอินก่อน ::
  ล็อกอิน

รายการสื่อสารสนเทศ

ลำดับที่ ประเภท เลขเรียก/บาร์โค้ด สถานที่ สถานะ
1. นวนิยาย
นวนิยาย
นว. ฝ152น ฉ.1 
  Barcode: 030398
ห้องสมุดวิทยาเขตสวรรค์ประชารักษ์
►นวนิยาย
บนชั้น
  ขอยืม

BibComment


ยังไม่เคยถูกคอมเมนท์

คอมเมนท์ทรัพยากรรายการนี้
  คอมเมนท์: ในสวนรัก เล่ห์ลวง..


 Copyright 2026. Bcnsprnw @Library